1476-1976 : πέντε αιώνες ελληνικού βιβλίου : ιστορική έρευνα
Αποθηκεύτηκε σε:
| Κύριος συγγραφέας: | |
|---|---|
| Μορφή: | Βιβλίο |
| Γλώσσα: | Greek |
| Δημοσίευση: |
Αθήναι :
[χ.ό.],
1976
|
| Θέματα: | |
| Ετικέτες: |
Προσθήκη ετικέτας
Δεν υπάρχουν, Καταχωρήστε ετικέτα πρώτοι!
|
MARC
| LEADER | 00000cam a2200000 i 4500 | ||
|---|---|---|---|
| 001 | 1/96908 | ||
| 008 | 081110s1976 gre d | ||
| 035 | |l 10101517 | ||
| 040 | |a GR-MY-UA |b gre |e aacr | ||
| 041 | 0 | |a gre | |
| 082 | 0 | |a 070.509495 |2 (22) | |
| 100 | 1 | |a Ρέππας, Χρήστος. | |
| 245 | 1 | 0 | |a 1476-1976 : |h [ανάτυπο] / |b πέντε αιώνες ελληνικού βιβλίου : ιστορική έρευνα |c Χρήστου Ρέππα |
| 260 | |a Αθήναι : |b [χ.ό.], |c 1976 | ||
| 300 | |a 48 σ.; |c 24 εκ. | ||
| 500 | |a Ανάτυπον εκ του περιοδικού "Επιθεώρησις Χωροφυλακής" | ||
| 504 | |a Βιβλιογραφία: σ. 48 | ||
| 650 | 0 | |a Books |z Greece |x History. | |
| 650 | 0 | 0 | |a Publishers and publishing |z Greece |x History. |
| 650 | 0 | 0 | |a Printing |z Greece |x History. |
| 852 | |a INST |b RHODES |c AKA |e 20081110 |h 070.509495 ΡΕΠ |p 005400031115 |q 005400031115 |t BK |y 0 | ||
| 901 | |a BIBL4-2008-3 | ||
| 909 | |a Ρ |b 153560 | ||
| 970 | |a ΧΑΡΙΟΠΟΛΙΤΟΥ |b ΚΩΝΣΤΑΝΤΙΝΑ |z 2008/11/10 | ||